The Secrets of Sugar (Record no. 335119)
[ view plain ]
| 000 -LEADER | |
|---|---|
| fixed length control field | 00497nam a2200097Ia 4500 |
| 008 - FIXED-LENGTH DATA ELEMENTS--GENERAL INFORMATION | |
| fixed length control field | 170517s9999 xx 000 0 und d |
| 245 #4 - TITLE STATEMENT | |
| Title | The Secrets of Sugar |
| 300 ## - PHYSICAL DESCRIPTION | |
| Extent | For many of us, sugar provides an instant feeling of warmth and comfort. We identify it as an essential component of great tasting foods, and of blissful culinary gratification. Its presence is unavoidable, even in foods that promise higher... |
| 650 ## - SUBJECT ADDED ENTRY--TOPICAL TERM | |
| General subdivision | Technology. |
| 856 ## - ELECTRONIC LOCATION AND ACCESS | |
| Uniform Resource Identifier | <a href="http://topdocumentaryfilms.com/secrets-sugar/">http://topdocumentaryfilms.com/secrets-sugar/</a> |
| Withdrawn status | Lost status | Damaged status | Home library | Current library | Date acquired | Total Checkouts | Date last seen | Price effective from | Koha item type |
|---|---|---|---|---|---|---|---|---|---|
| College Library | College Library | 05/17/2017 | 05/17/2017 | 05/17/2017 | Documentary Films |